| 000 | 00592nam a2200229Ia 4500 | ||
|---|---|---|---|
| 003 | OSt | ||
| 005 | 20220926044248.0 | ||
| 006 | a|||||r|||| 00| 0 | ||
| 007 | ta | ||
| 008 | 220923b |||||||| |||| 00| 0 eng d | ||
| 037 | _cGeneral Book | ||
| 040 |
_aRTL _cRTL _beng |
||
| 041 |
_2eng _aeng |
||
| 082 | _aX72:(Z).242r | ||
| 110 | _aHaryana Government of.. | ||
| 245 | 0 | _aReport on administration of taxation acts in Harya | |
| 490 | _v1967-68 | ||
| 650 | _aTax | ||
| 700 | _aHaryana Government of.. | ||
| 942 |
_hX72:(Z).242r _cGB _2CC |
||
| 999 |
_c674373 _d674373 |
||